000 00487nam a22001697a 4500
003 BD-ChCU
005 20260303122949.0
008 260303b bg ||||| |||| 00| 0 ben d
040 _cBD-ChCU
082 _a510.1 TAI
100 _aTarski , Alfred.
_920741
245 _aIntroduction to logic :
_band methodology of deductive sciences ./
_cAlfred , Tarski .
260 _aNew York :
_bO.U.P.
_cC 1965
300 _axviii , 252p.
650 0 _aMathematics .
_920744
942 _2ddc
_cBK
_n0
999 _c111819
_d111819